| Tag |
First Indicator |
Second Indicator |
Subfields |
| LEADER |
00000cam a2200000 i 4500 |
| 001 |
in00000085287 |
| 005 |
20230718104616.0 |
| 008 |
760112s1974 nyua b 000 0 eng d |
| 019 |
|
|
|a 4712911
|a 1173495885
|
| 029 |
1 |
|
|a AU@
|b 000008082735
|
| 035 |
|
|
|a (OCoLC)ocm01921611
|
| 035 |
|
|
|a (OCoLC)1921611
|z (OCoLC)4712911
|z (OCoLC)1173495885
|
| 035 |
|
|
|a (OCoLC)ocm01921611
|
| 040 |
|
|
|a GIS
|b eng
|c GIS
|d UMR
|d DRB
|d CLU
|d OCLCQ
|d OCLCF
|d OCLCQ
|d OCLCO
|d OCLCQ
|
| 050 |
|
4 |
|a TA706
|b .I683
|
| 245 |
0 |
0 |
|a Rock mechanics. /
|c edited by L. Müller.
|
| 260 |
|
|
|a New York :
|b Springer-Verlag,
|c 1974.
|
| 300 |
|
|
|a [8], 390 pages :
|b illustrations (some color) ;
|c 24 cm
|
| 336 |
|
|
|a text
|b txt
|2 rdacontent
|
| 337 |
|
|
|a unmediated
|b n
|2 rdamedia
|
| 338 |
|
|
|a volume
|b nc
|2 rdacarrier
|
| 490 |
0 |
|
|a International Centre for Mechanical Sciences. Courses and lectures ;
|v no. 165
|
| 500 |
|
|
|a Course held at the Dept. of Mechanics of Solids, Udine [Italy] 1974.
|
| 504 |
|
|
|a Includes bibliographical references.
|
| 650 |
|
0 |
|a Rock mechanics.
|
| 650 |
|
6 |
|a Mécanique des roches.
|
| 650 |
|
7 |
|a Rock mechanics.
|2 fast
|0 (OCoLC)fst01099183
|
| 700 |
1 |
|
|a Müller-Salzburg, Leopold,
|d 1908-1988,
|e editor.
|
| 948 |
|
|
|h HELD BY TXA - 29 OTHER HOLDINGS
|
| 994 |
|
|
|a Z0
|b TXA
|
| 999 |
f |
f |
|s 9ad62b1e-211e-3c84-a578-fa2c00d0e0b6
|i fd6b3301-4fea-35b6-b574-7669c3c705fe
|t 0
|
| 952 |
f |
f |
|p ric
|a Texas A&M University
|b Rellis Campus
|c Joint Library Facility
|s JLF
|d Remote Storage
|t 0
|e TA706 .R5
|h Library of Congress classification
|i unmediated -- volume
|m A14806243734
|